000 00586nam a2200169 i 4500
001 60226
003 ES-MaACL
005 20230906164201.0
007 t|
008 031103s1973 sp ||||1| spa d
100 1 _aEscriche Esteban, Manuel.
_947649
245 1 0 _aAño de Copérnico
_b: V Centenario de su nacimiento, (1473-1543) /
_cManuel Escriche Esteban.
260 _aMadrid :
_bInstituto Nacional de Bachillerato Cervantes,
_c1973.
300 _a35 p. :
_bil. ;
_c22 cm.
710 2 _aInstituto de Bachillerato Cervantes (Madrid)
_94826
852 _aES-MaACL
_j2113-F-18
_bR.100423
999 _c60226
_d60226